[Event "ROM-ch U08"]
[Site "Calimanesti Caciulata"]
[Date "2016.04.24"]
[Round "8"]
[White "Nita, Andrei Ioan"]
[Black "Ungureanu, Andrei"]
[Result "1-0"]
[WhiteElo "1012"]
[BlackElo "1001"]
[PlyCount "63"]
[EventDate "2016.04.18"]
[EventType "swiss"]
[EventRounds "9"]
[EventCountry "ROU"]
[SourceTitle "CBM 172 Extra"]
[Source "ChessBase"]
[SourceDate "2016.06.21"]
[SourceVersion "1"]
[SourceVersionDate "2016.06.21"]
[SourceQuality "1"]

1. Nf3 c5 2. g3 e6 3. Bg2 a6 4. 0-0 Nf6 5. c4 d6 6. Nc3 Be7 7. d3 0-0 8. e4 Nc6 9. e5 dxe5 10. Bg5 Bd7 11. Ne4 Rb8 12. Nxf6+ Bxf6 13. Bxf6 Qxf6 14. Qd2 b5 15. a4 h6 16. cxb5 axb5 17. axb5 Rxb5 18. Ra2 Nd4 19. Rfa1 Rfb8 20. Nxd4 cxd4 21. Ra7 Rd8 22. Bb7 Bc8 23. Bxc8 Rxc8 24. R1a2 Qd8 25. Qe2 Qf6 26. Qg4 Qg6 27. Qxg6 fxg6 28. Rd7 Rc1+ 29. Kg2 Kf8 30. Ra8+ Rb8 31. Rxb8+ Rc8 32. Rxc8# 1-0

[Event "ROM-ch U08"]
[Site "Calimanesti Caciulata"]
[Date "2016.04.21"]
[Round "5"]
[White "Sofrone, David Eduard"]
[Black "Nita, Andrei Ioan"]
[Result "1-0"]
[WhiteElo "1001"]
[BlackElo "1012"]
[PlyCount "93"]
[EventDate "2016.04.18"]
[EventType "swiss"]
[EventRounds "9"]
[EventCountry "ROU"]
[SourceTitle "CBM 172 Extra"]
[Source "ChessBase"]
[SourceDate "2016.06.21"]
[SourceVersion "1"]
[SourceVersionDate "2016.06.21"]
[SourceQuality "1"]

1. e4 e5 2. Nf3 Nc6 3. Bc4 Nd4 4. Nc3 Nxf3+ 5. Qxf3 Nf6 6. d3 g6 7. 0-0 Bg7 8. Bg5 0-0 9. h3 d6 10. Nd5 Be6 11. Nxf6+ Bxf6 12. Bxf6 Qd7 13. Bxe6 Qxe6 14. d4 exd4 15. Bxd4 f6 16. c3 Qf7 17. Rfe1 Rae8 18. Bxa7 c6 19. a4 d5 20. exd5 Rxe1+ 21. Rxe1 cxd5 22. Bc5 Ra8 23. b3 f5 24. Re7 Qf6 25. Rxb7 Rc8 26. Bd4 Qe6 27. Qe3 Qxe3 28. Bxe3 Rxc3 29. Rb8+ Kf7 30. Bd4 Rc1+ 31. Kh2 Rd1 32. Rb7+ Kg8 33. Bc5 d4 34. Rd7 d3 35. Bb4 h6 36. f3 g5 37. g4 fxg4 38. fxg4 Rb1 39. Rxd3 Rb2+ 40. Rd2 Rxb3 41. Bc5 Rb7 42. Rd6 Rb2+ 43. Kh1 Rb1+ 44. Bg1 Ra1 45. Rxh6 Rxa4 46. Rg6+ Kf7 47. Rxg5 1-0

[Event "ROM-ch U08"]
[Site "Calimanesti"]
[Date "2015.04.06"]
[Round "9"]
[White "Anghel, Teodor Andrei"]
[Black "Nita, Andrei Ioan"]
[Result "1-0"]
[WhiteElo "1012"]
[BlackElo "1001"]
[PlyCount "45"]
[EventDate "2015.03.30"]
[EventType "swiss"]
[EventRounds "9"]
[EventCountry "ROU"]
[SourceTitle "CBM 165 Extra"]
[Source "ChessBase"]
[SourceDate "2015.04.21"]
[SourceVersion "1"]
[SourceVersionDate "2015.04.21"]
[SourceQuality "1"]

1. e4 e5 2. Nf3 Nc6 3. Nc3 g6 4. Nd5 Bg7 5. d3 Nd4 6. Bg5 Nxf3+ 7. Qxf3 Qxg5 8. Nxc7+ Kf8 9. Nxa8 Nf6 10. g3 d6 11. Bg2 Bg4 12. Qe3 Qh5 13. f3 Bh3 14. Bxh3 Qxh3 15. 0-0-0 Ke7 16. Qxa7 Re8 17. g4 Qxf3 18. Qxb7+ Kf8 19. g5 h6 20. gxf6 Bxf6 21. Rhf1 Bg5+ 22. Kb1 Qe3 23. Qxf7# 1-0

[Event "ROM-ch U08"]
[Site "Calimanesti"]
[Date "2015.04.01"]
[Round "3"]
[White "Nita, Andrei Ioan"]
[Black "Pataki, Dragos Ioan"]
[Result "0-1"]
[WhiteElo "1001"]
[BlackElo "1042"]
[PlyCount "92"]
[EventDate "2015.03.30"]
[EventType "swiss"]
[EventRounds "9"]
[EventCountry "ROU"]
[SourceTitle "CBM 165 Extra"]
[Source "ChessBase"]
[SourceDate "2015.04.21"]
[SourceVersion "1"]
[SourceVersionDate "2015.04.21"]
[SourceQuality "1"]

1. e4 c5 2. Qh5 Nf6 3. Qxc5 Nxe4 4. Qe3 Nf6 5. Qb3 Nc6 6. Bc4 d5 7. Bb5 Bd7 8. Nc3 e6 9. Nf3 Qb6 10. 0-0 a6 11. d3 axb5 12. Nxb5 Ra5 13. c4 Kd8 14. Be3 Qa6 15. Nc3 Bb4 16. a3 Bxc3 17. bxc3 dxc4 18. dxc4 b5 19. c5 Rf8 20. Rfd1 Ng4 21. Bg5+ Nf6 22. Bxf6+ gxf6 23. Rd2 Kc7 24. Rad1 Rd8 25. Nd4 Nxd4 26. cxd4 Rxa3 27. Qb2 Ra2 28. Qxa2 Qb7 29. Qa5+ Kc8 30. d5 exd5 31. Rxd5 h6 32. c6 Qxc6 33. h3 h5 34. Rc5 Qxc5 35. Qa6+ Kc7 36. Qa5+ Kc8 37. Qa8+ Kc7 38. Qa5+ Qb6 39. Rc1+ Bc6 40. Qa4 bxa4 41. Re1 Rd7 42. Re8 a3 43. Re1 a2 44. Ra1 Rd2 45. Kh2 Qxf2 46. Rxa2 Qxg2# 0-1